| 000 | 00000nam##2200000za#4500 |
| 001 | 9.662156 |
| 003 | CaOODSP |
| 005 | 20210615120416 |
| 007 | ta |
| 008 | 150407|2000||||xxc||||| f|0| 0 fre|d |
| 020 | |a0-662-65228-2 |
| 040 | |aCaOODSP|bfre |
| 041 | |aeng |
| 041 | |afre |
| 043 | |an-cn--- |
| 086 | 1 |aCi51-96/2000 |
| 110 | 1 |aCanada. |bCitoyenneté et immigration Canada. |
| 245 | 10|aL'appartenance: guide d'activités pour enseignants et responsables de jeunes |
| 260 | |aOttawa - Ontario : |bCitoyenneté et Immigration Canada |c2000. |
| 300 | |aTexte français, 32p. : |bill. en couleur ; |c22 cm. + |ee affiche "Canada, un pays pour nous tous!" et un exemplaire de "Conte-moi ta vie". |
| 500 | |a«Destinées d'abord aux enfants de cinq à 13 ans, les activités proposées peuvent servir à enrichir des leçons de sciences sociales, de santé, de langue et de français ou d'anglais langue seconde.»--Introduction. |
| 546 | |aBilingue |
| 563 | |aCouverture souple |
| 590 | |a00-47|b2000-11-24 |
| 691 | 07|aCitoyenneté|2gcpds |
| 691 | 07|aEnseignant|2gcpds |
| 691 | 07|aEnfant|2gcpds |
| 691 | 07|aAdolescent|2gcpds |
| 776 | 0#|tL'appartenance - guide d'activités pour enseignants et responsables de jeunes |w(CaOODSP)9.636937 |
| 776 | 0#|tBelonging - an activity guide for teachers and youth leaders |w(CaOODSP)9.692721 |
| 791 | |tBelonging: an activity guide for teachers and youth leaders |eeng|w(CaOODSP)9.662155 |
| 986 | |aC&I-403-09/00 |